| 000 | 00371nam a22001217a 4500 | ||
|---|---|---|---|
| 999 |
_c8141 _d8141 |
||
| 008 | 200805b ||||| |||| 00| 0 eng d | ||
| 020 | _a9781559638654 | ||
| 082 |
_a333.9516 _bDUE |
||
| 100 |
_aDuerksen, Christopher J., ; Snyder, Cara _d1948- |
||
| 245 | _aNature-friendly communities : habitat protection and land use | ||
| 260 |
_aLondon _bIland Press _c2005 |
||
| 942 | _2ddc | ||